000 00383nam a22001217a 4500
999 _c3036
_d3036
005 20200928094044.0
008 200928b ||||| |||| 00| 0 eng d
020 _a0471900796
040 _cCML
245 _aInternational Handbook of Education Systems.
_cCameron, J.
260 _aNew York
_bJohn Wiley & Sons
_c1983
942 _2ddc
_cBK
_e1st Edition
_h370.195
_kREF
_mCAM